| 000 | 00417nam a2200169 a 4500 | ||
|---|---|---|---|
| 001 | 33578 | ||
| 005 | 20180714001530.0 | ||
| 008 | 140415s1974 xxu 000 0 eng d | ||
| 041 | _aeng | ||
| 082 |
_a335.4382 _bGRA |
||
| 100 | 1 | _aGRANT, MYRNA | |
| 245 | 1 | 0 | _aVANYA |
| 250 | _a1a ed. | ||
| 260 |
_aESTADOS UNIDOS DE AMERICA : _bBETANIA, _c1974 |
||
| 300 | _a207 | ||
| 650 | 1 | 4 | _aCOMUNISMO Y RELIGION |
| 999 |
_c33578 _d33578 |
||